Statistics for 700-800 Digits of Pi

Click here to take the quiz!

General Stats

  • This quiz has been taken 134 times
  • The average score is 30 of 100

Answer Stats

% Correct
2
100%
4
100%
5
100%
0
75%
0
50%
1
50%
1
50%
1
50%
1
50%
1
50%
2
50%
2
50%
2
50%
5
50%
6
50%
6
50%
9
50%
9
50%
9
50%
9
50%
0
25%
0
25%
0
25%
0
25%
0
25%
0
25%
0
25%
0
25%
1
25%
1
25%
1
25%
1
25%
1
25%
2
25%
2
25%
2
25%
2
25%
3
25%
3
25%
3
25%
3
25%
3
25%
3
25%
3
25%
4
25%
4
25%
4
25%
4
25%
4
25%
4
25%
5
25%
5
25%
5
25%
5
25%
5
25%
6
25%
6
25%
6
25%
6
25%
6
25%
7
25%
7
25%
7
25%
7
25%
7
25%
7
25%
7
25%
7
25%
7
25%
7
25%
8
25%
8
25%
8
25%
8
25%
8
25%
8
25%
8
25%
8
25%
9
25%
9
25%
9
25%
9
25%
9
25%
9
25%
9
25%
9
25%
9
25%
9
25%
9
25%
9
25%
9
25%
9
25%
9
25%
9
25%
1
0%
1
0%
1
0%
1
0%
1
0%
1
0%

Score Distribution

Percentile by Number Answered

Percent of People with Each Score

Your Score History

You have not taken this quiz